000 00359nam a22001337a 4500
008 230608b xxu||||| |||| 00| 0 eng d
020 _a9966530554
082 _a347.73
_bGIC
100 _cAllen Waiyaki Gichuhi
245 _aLitigation
_bThe Art of Strategy and Practice
260 _aNairobi
_bLawAfrica Publishing (K)
_c2018
300 _a436p
942 _2ddc
_cBK
999 _c853
_d853